| 000 | 01393pam a2200349 a 4500 | ||
|---|---|---|---|
| 001 | 651951 | ||
| 003 | ARRUPE | ||
| 005 | 20140515115408.0 | ||
| 008 | 940428s1994 pauab b 001 0 eng | ||
| 010 | _a 94012548 | ||
| 020 | _a0812232488 (acidfee paper) | ||
| 040 |
_aDLC _cDLC _dDLC |
||
| 043 | _af-ug--- | ||
| 050 | 0 | 0 |
_aDT155.2.A35 _bA85 1994 |
| 082 | 0 | 0 |
_a967.61/004965 _220 |
| 100 | 1 |
_aAtkinson, Ronald Raymond, _d1944- _910190 |
|
| 245 | 1 | 4 |
_aThe roots of ethnicity : _bthe origins of the Acholi of Uganda before 1800 / _cRonald R. Atkinson. |
| 260 |
_aPhiladelphia : _bUniversity of Pennsylvania Press, _cc1994. |
||
| 300 |
_axviii, 320 p. : _bill., maps ; _c24 cm. |
||
| 490 | 1 | _aThe ethnohistory series | |
| 504 | _aIncludes bibliographical references (p. [283]-306) and index. | ||
| 650 | 0 |
_aAcholi (African people) _xOrigin. _910191 |
|
| 650 | 0 |
_aAcholi (African people) _xHistory _xSources. _910192 |
|
| 650 | 0 |
_aAcholi (African people) _xEthnic identity. _910193 |
|
| 650 | 0 |
_aEthnicity _zUganda. _910194 |
|
| 650 | 0 |
_aEthnohistory _zUganda. _910195 |
|
| 650 | 0 |
_aChiefdoms _zUganda _xHistory. _910196 |
|
| 830 | 0 |
_aEthnohistory series (Philadelphia, Pa.) _910197 |
|
| 906 |
_a7 _bcbc _corignew _d1 _eocip _f19 _gy-gencatlg |
||
| 942 |
_2lcc _cMONOGRAPH |
||
| 999 |
_c120490 _d120490 |
||